¿Tienen las leyes económicas la última explicación?
محفوظ في:
| التنسيق: | نص |
|---|---|
| الوسوم: |
إضافة وسم
لا توجد وسوم, كن أول من يضع وسما على هذه التسجيلة!
|
MARC
| LEADER | 00000 a a2200000 04500 | ||
|---|---|---|---|
| 001 | 42623 | ||
| 003 | |||
| 040 | |||
| 245 | |a ¿Tienen las leyes económicas la última explicación? | ||
| 773 | |g volumen25, número1134 ( , 2005), páginas 4-6 | ||
| 999 | |c 40036 |d 40036 | ||
